| 000 | 00400nam a2200145 i 4500 | ||
|---|---|---|---|
| 001 | 25361 | ||
| 003 | ES-MaACL | ||
| 007 | t| | ||
| 008 | 021226s1922 fr ||||1| fre d | ||
| 100 | 1 |
_aAppel, Lucien. _922108 |
|
| 245 | 1 | 0 |
_aEducation et enseignement _b: notices et discours / _cpar Lucien Appell. |
| 260 |
_aParĂs : _bEureuse, _c1922. |
||
| 300 |
_a302 p. ; _c19 cm. |
||
| 852 |
_aES-MaACL _jB-6806 |
||
| 999 |
_c25361 _d25361 |
||